Представление документа в формате RUSMARC

ПолеНазваниеЗначение
  Тип записи a
  Библиографический уровень m
001 Контрольный номер RU/IS/BASE/272133784
005 Дата корректировки 20260423115858.1
010 Индекс ISBN __
a ISBN 5-365-00833-5
d Цена 151-80
101 Язык документа 0_
a Язык текста rus
c Язык оригинала rus
200 Заглавие и сведения об ответственности 1_
a Заглавие Финансы предприятия
e Сведения, относящиеся к заглавию учеб. : для студентов высш. учеб. заведений, обучающихся по экон. специальностям
f Первые сведения об ответственности В. В. Остапенко
b Общее обозначение материала Текст
210 Выходные данные 1_
a Место издания М.
c Издательство Омега-Л
d Дата издания 2008
215 Физическое описание __
a Объем 302 с.
225 Серия 2_
a Серия Высшее финансовое образование
330 Аннотация __
a Аннотация Раскрываются особенности организации финансов предприятий основных организационно-правовых форм, их взаимоотношения с бюджетом, внебюджетными фондами, коммерческими банками и другими контрагентами.
606 Тематические рубрики __
a Основная рубрика Экономика
606 Тематические рубрики __
a Основная рубрика Финансы предприятия
610 Ключевые слова 0_
a Ключевые слова предприятия; организации; финансовые отношения; расходы; доходы; прибыль; оборотные средства; основные фонды; нематериальные активы; капитал; акционерные общества; инвестиции; налоги; кредитование; денежное обращение; денежные средства; ценообразование; управление финансами; финансовый менеджмент; финансовое планирование; финансовый анализ; бюджетирование; контроллинг
686 Индексы других классификаций __
a Классификационный индекс 65.291.9я73
700 Автор _1
a Фамилия Остапенко
b Имя В. В.
4 Код отношения 070
801 Источник записи _0
a Страна RU
b Организация Муниципальное бюджетное учреждение культуры "Централизованная библиотечная система" г. Сургут (Центральная городская библиотека им. А. С. Пушкина)
g Правила каталогизации КиК/Елгина
801 Источник записи _1
a Страна RU
b Организация Муниципальное бюджетное учреждение культуры "Централизованная библиотечная система" г. Сургут (Центральная городская библиотека им. А. С. Пушкина)
g Правила каталогизации КиК/Елгина
852 Данные о местонахождении __
j Шифр хранения 65.291.9я73
c Каталожный индекс 65.291.9я73
i Авторский знак О-76
901 Тип документа __
t Тип документа m
903 Характеристики (МАРС) __
a Дата передачи 20080820
969 Тип издания __
a Тип издания учебник
990 Данные о заказе (DOS) __
j Количество экземпляров (DOS) 4
t N записи в КСУ для И/У (DOS) 200808